| Tag |
First Indicator |
Second Indicator |
Subfields |
| LEADER |
00000cam a2200000 a 4500 |
| 001 |
in00000971913 |
| 005 |
20150927151403.0 |
| 007 |
hd af||||b||| |
| 008 |
820504r19811977mdua ab 00010 eng d |
| 035 |
|
|
|a (OCoLC)08397656
|
| 035 |
|
|
|9 AEX3372AM
|
| 040 |
|
|
|a HUH
|c HUH
|d TXA
|d UtOrBLW
|
| 049 |
|
|
|a TXAI
|
| 090 |
|
|
|a DS777.55
|b .C4485 1981
|
| 099 |
|
|
|a film
|a A
|a 384
|a reel 5
|a frame
|a 1-189
|
| 100 |
1 |
|
|a Price, James T.
|
| 245 |
1 |
4 |
|a The evolution of Sino-Thai diplomatic relations, 1965-1975 /
|c James T. Price.
|
| 264 |
|
1 |
|a [Springfield, Va.] :
|b [National Technical Information Service],
|c [1977]
|
| 300 |
|
|
|a vii, 181 leaves :
|b illustrations
|
| 336 |
|
|
|a text
|b txt
|2 rdacontent
|
| 337 |
|
|
|a microform
|b h
|2 rdamedia
|
| 338 |
|
|
|a microfilm reel
|b hd
|2 rdacarrier
|
| 502 |
|
|
|b M.M.A.S.
|c U. S. Army Command and General Staff College
|d 1977.
|
| 504 |
|
|
|a Bibliography: leaves 175-181.
|
| 500 |
|
|
|a "ADA043724."
|
| 500 |
|
|
|a Accompanied by annotated reel index.
|
| 533 |
|
|
|a Microfilm.
|b Frederick, Md. :
|c University Publications of America,
|d 1981.
|e On reel 5 of 8 microfilm reels ; 35 mm.
|f (China special studies, 1970-1980).
|
| 500 |
|
|
|a Microform.
|
| 651 |
|
0 |
|a China
|x Foreign relations
|z Thailand.
|
| 651 |
|
0 |
|a Thailand
|x Foreign relations
|z China.
|
| 830 |
|
0 |
|a China special studies, 1970-1980.
|
| 999 |
|
|
|a MARS
|
| 999 |
f |
f |
|s ee318015-1dfc-3282-be3a-b8aabb35c18c
|i 6834b9ff-4343-3281-a8e2-8d12f24a4d36
|t 0
|
| 952 |
f |
f |
|p normal
|a Texas A&M University
|b College Station
|c Sterling C. Evans Library
|d Evans: Microforms Film (3rd floor)
|t 0
|e DS777.55 .C4485 1981 reel 5 frame 1-189
|h Library of Congress classification
|i microform -- microfilm reel
|
| 998 |
f |
f |
|a DS777.55 .C4485 1981 reel 5 frame 1-189
|t 0
|l Evans: Microforms Film (3rd floor)
|